000 00521nam a2200181 4500
003 SEACOMMC
005 20250423112648.0
008 241023b |||||||| |||| 00| 0 eng d
020 _a978-81-73810-89-3
_cRs.285.00
040 _aSEACOMMC
082 _a516.154
_bK 45
100 _a Khan, Ratan M
245 1 _aAnalytical Geometry of Two and Three Dimensions and Vector Analysis
_c Ratan M Khan
250 _a4th rev.ed.
260 _aKolkata
_b New Central Book Agency
_c 2007
650 _a Mathematics
942 _cBOOK
999 _c691
_d691